00320 2200133 4500001002100000005001500021035002000036245003300056100001700089260003600106082000800142084001400150990002200164INLIS00000000000246420250604104921 a0010-06250000501 aSalah Asuhan /cAbdoel Moeis0 aAbdoel Moeis aJakarta :bBalai Pustaka,c2000 a800 a800 ABD s a000112 s/d 000114